Knowledge Libranianship: (Record no. 199886)

MARC details
000 -LEADER
fixed length control field 00743nam a22001937a 4500
005 - DATE AND TIME OF LATEST TRANSACTION
control field 20240103113517.0
010 ## - LCCN (DPL NO)
LC control number B-756787-788
020 ## - INTERNATIONAL STANDARD BOOK NUMBER
International Standard Book Number 9789392594106
Terms of availability 1900.00
035 ## - SYSTEM CONTROL NUMBER
System control number B-756787-788
037 ## - SOURCE OF ACQUISITION
Stock number Sunnvik Books
082 ## - DEWEY DECIMAL CLASSIFICATION NUMBER
Classification number 020
245 ## - TITLE STATEMENT
Title Knowledge Libranianship:
Remainder of title A Data-Driven Apporach
Statement of responsibility, etc Edit By S. Dhanavandan
260 ## - PUBLICATION, DISTRIBUTION, ETC. (IMPRINT)
Place of publication, distribution, etc New Delhi
Name of publisher, distributor, etc Ess Ess Publications
Date of publication, distribution, etc 2023
270 ## - ADDRESS
Address 4831/24, Ansari Road, Daryaganj
City New Delhi
Postal code 110002
300 ## - PHYSICAL DESCRIPTION
Extent 312p.
Dimensions 25cm(Hb)
700 ## - ADDED ENTRY--PERSONAL NAME
Personal name Dhanavandan,S
Relator term Editor
9 (RLIN) 60394
942 ## - ADDED ENTRY ELEMENTS (KOHA)
Source of classification or shelving scheme Dewey Decimal Classification
Item type English Books
Classification part 020
Call number suffix KNO
Holdings
Withdrawn status Lost status Not for loan Collection code Home library Current library Date acquired Source of acquisition Cost, normal purchase price Full call number Barcode Copy number Cost, replacement price Koha item type
      Non-fiction Ashok Vihar Ashok Vihar 03/01/2024 Sunnvik Books /GST-IN4/30.11.23/52/23.11.23/7.12.23 1900.00 020 KNO B-756788 1 1900.00 English Books
      Non-fiction Central Library Central Library 03/01/2024 Sunnvik Books /GST-IN4/30.11.23/52/23.11.23/7.12.23 1900.00 020 KNO B-756787 1 1900.00 English Books

© Delhi Public Library
Hit Counter
free hit counter